| 000 | 00678nam a2200217 a 4500 | ||
|---|---|---|---|
| 001 | vtls003219287 | ||
| 003 | MY-SjTCS | ||
| 005 | 20200226121036.0 | ||
| 008 | 110627s2010 ii a 000 0 eng d | ||
| 020 | _a9780070682153 (pbk.) | ||
| 020 | _a0070682151 (pbk.) | ||
| 039 | 9 |
_a201107201629 _bpushpa _y201106271149 _zmalathy |
|
| 082 | 0 | 4 |
_a338.5024658 _bSIV 2010 |
| 100 | 1 |
_aSivagnanam, K. Jothi _993786 |
|
| 245 | 1 | 0 |
_aBusiness economics / _cK. Jothi Sivagnanam, R. Srinivasan. |
| 260 |
_aNew Delhi : _bTata McGraw Hill, _cc2010. |
||
| 300 |
_axii, 201 p. : _bill. ; _c23 cm. |
||
| 650 | 0 | _aManagerial economics | |
| 700 | 1 |
_aSrinivasan, R. _921929 |
|
| 920 | _aSHT : 165853 | ||
| 999 | _c175435 | ||